000 00560nam a2200193Ia 4500
003 GCL
008 140319s9999 xx 000 0 eng d
040 _aGCL /
_cGCL
082 0 4 _a666.893
_bP C
100 1 _aD'ARAS, SALACROS
245 1 0 _aCONCRETE MATERIALS: PROPERITIES, SPECIFICATIONS AND TASTING - SECOND EDITION /
_cD'ARAS, SALACROS
260 _a[S.N] :
_bMACMILLAN PUBLISHING COMPANY ،
_c1992
300 _a661 P
650 0 4 _aSCIENCE
650 0 4 _aCONCRETE CONSTRUCTION
650 0 4 _aCONCRETE
650 0 4 _aMATERIALS SCIENCE
942 _2ddc
_cBK
999 _c17466
_d17466